000 00340nam a2200133Ia 4500
005 20260326235451.0
008 260326s9999||||xx |||||||||||||| ||und||
100 _aCambi, Enrico
245 0 _aViviendas en bloques alineados /
_cEnrico Cambi
260 _bGustavo Gili
300 _a303 p.
650 _aARQUITECTURA RESIDENCIAL
942 _cBK
999 _c7751
_d7751